000 00701cam a2200241 4500500
005 20260329001304.0
041 _afre
042 _adc
100 1 0 _aMonteil, Pierre-Olivier
_eauthor
245 0 0 _aTravail hybride : les délices de la relation à distance
260 _c2025.
500 _a73
690 _aAutonomie
690 _aCollaboration
690 _aEntreprise
690 _aEnvironnement de travail
690 _aManagement
690 _aTélétravail
690 _aTravail
690 _aTravail hybride
786 0 _nPhilonomist | - | 3 | 2025-03-19 | p. 11-14
856 4 1 _uhttps://shs.cairn.info/magazine-philonomist-2025-3-page-11?lang=fr&redirect-ssocas=7080
999 _c1803918
_d1803918